Pays par leurs 10 plus grandes villes - Europe - Statistiques

Statistiques générales
  • Ce quiz a été pris 1 352 fois
  • Le résultat moyen est 5 sur 9
Réponses sur la Carte
Les réponses sont colorées sur une échelle allant du rouge au vert en fonction du pourcentage des utilisateurs qui les ont devinées à leur premier essai. Vous pouvez retrouver ces pourcentages ci-dessous.
 
Statistiques - réponses
Pays % Correct
1 France
94%
3 Allemagne
70%
5 Italie
70%
4 Espagne
66%
8 Royaume-Uni
58%
9 Pologne
44%
2 Suède
44%
6 Roumanie
35%
7 Biélorussie
21%
Aucun quiz correspondant
Distribution des résultats
% des personnes avec chaque résultat
Percentile par nombre de réponses
Votre historique - résultats
Vous n’avez pas pris ce quiz